Antropología y evangelización : un problema de Iglesia en América Latina /
Ponencias del primer Encuentro Continental de Misiones en América Latina, que tuvo lugar en Melgar, Colombia, del 21 al 27 de abril de 1968. En la parte inicial se encuentran la encuesta, el vaciado y las conclusiones previos al Encuentro. En él se plantearon los elementos antropológicos que se tien...
Guardado en:
| Autor corporativo: | |
|---|---|
| Otros autores: | |
| Formato: | Procedimiento de la conferencia Libro |
| Idioma: | Español |
| Colección: | (Dmc ;
1) |
| Temas: | |
| Etiquetas: |
Sin etiquetas, Sé el primero en etiquetar este registro!
|
MARC
| LEADER | 00000nam^a2200000^a^4500 | ||
|---|---|---|---|
| 001 | 000377536 | ||
| 005 | 20250521000000.0 | ||
| 009 | 20260310120413.863 | ||
| 037 | |a Acervo Xavier Clavigero | ||
| 041 | |a ESP | ||
| 082 | |a 266. |b ENC | ||
| 111 | |a Encuentro Continental de Misiones en América Latina ( |n 1o : |d 1968 : |c Melgar, Colombia) | ||
| 245 | 1 | 0 | |a Antropología y evangelización : |b un problema de Iglesia en América Latina / |c Coord. de G. Valencia Cano ; presen. de José Manuel Román. |
| 264 | |a Bogotá, Colombia : |b CELAM, Departamento de Misiones, |c 1969 | ||
| 300 | |a 358 p. | ||
| 336 | |a texto |b txt |2 rdacontenido | ||
| 337 | |a sin mediación |b n |2 rdamedio | ||
| 338 | |a volumen |b nc |2 rdasoporte | ||
| 440 | 1 | |a (Dmc ; |v 1) | |
| 520 | |a Ponencias del primer Encuentro Continental de Misiones en América Latina, que tuvo lugar en Melgar, Colombia, del 21 al 27 de abril de 1968. En la parte inicial se encuentran la encuesta, el vaciado y las conclusiones previos al Encuentro. En él se plantearon los elementos antropológicos que se tienen como base para la evangelización, recordando que en ella no es válido hacer una disociación entre la fidelidad a Dios y la fidelidad al hombre. Se clarifica el concepto de misiones y lo que ésta actividad significa concretamente en América Latina. | ||
| 561 | |a Ex libris de Biblioteca CIAS Prov. Mexicana | ||
| 649 | |a XX | ||
| 650 | |a Iglesia Católica | ||
| 650 | |a Misiones - |z Latinoamérica - |x Congresos - |x Tema Principal | ||
| 650 | |a Antropología - |z Latinoamérica - |x Tema Principal | ||
| 650 | |a Teología Pastoral | ||
| 650 | |a Catolicismo | ||
| 650 | |a Cristianismo | ||
| 650 | |a Religión | ||
| 700 | |a Valencia Cano, Gerardo |e (coordinación y prefacio) | ||
| 910 | |a Fondo General | ||
| 920 | |a Impresos - Libros | ||
| 930 | |a Colección General | ||
| 905 | |a 101 | ||
| 901 | |a 045722 |b IT1 |c ACC |u 20250521 | ||
| 902 | |a https://opac.biblio.iteso.mx/vufind/Record/000377536 | ||